00370nam a22001217a 4500008004100000020001500041100001600056245005600072260004700128300001600175650002400191650003300215160509b xxu||||| |||| 00| 0 eng d a0028647378 aCope, David aTechniques of the Contemporary ComposercDavid Cope aAustraliabSchirmer Cengage Learningc1997 axiii, 250p. aComposition vMusic aMusicv20th century analysis